British Citizens Overseas Quiz Stats

 Plays Quiz Updated Jan 31, 2015

Also try: UK Territories
Challenge
Share
Tweet
Embed
Score 0/60 Timer 08:00
3 Plays Today
Continent Country % Correct
North AmericaUnited States of America
99%
North AmericaCanada
98.4%
EuropeFrance
96.2%
North AmericaMexico
95.1%
EuropeGermany
94.5%
EuropeSpain
94.2%
South AmericaBrazil
94.1%
OceaniaAustralia
93.9%
AfricaSouth Africa
92.5%
AsiaChina
91.9%
OceaniaNew Zealand
91.3%
South AmericaArgentina
91.2%
EuropeItaly
90.7%
AsiaJapan
87.3%
South AmericaChile
86.3%
AsiaIndia
86.1%
South AmericaPeru
85.2%
EuropeIreland
84.8%
AfricaEgypt
84.1%
EuropePortugal
83%
South AmericaColombia
80.1%
EuropeNetherlands
78.8%
South AmericaUruguay
78.3%
North AmericaJamaica
78.2%
EuropeBelgium
76.1%
EuropeSwitzerland
73.7%
South AmericaBolivia
73%
South AmericaEcuador
72.2%
South AmericaVenezuela
72.2%
AfricaKenya
72%
Continent Country % Correct
OceaniaFiji
70.7%
AfricaNigeria
69.3%
North AmericaBahamas
68.4%
AsiaPakistan
67.7%
AsiaTurkey
67.2%
South AmericaGuyana
65.9%
AsiaThailand
64.5%
AsiaIsrael
58.7%
North AmericaBarbados
58.4%
AsiaSaudi Arabia
57.7%
North AmericaCosta Rica
57.3%
OceaniaSamoa
55.3%
AfricaZimbabwe
54.8%
OceaniaPapua New Guinea
54.2%
North AmericaTrinidad & Tobago
54%
AsiaSingapore
52.7%
AsiaUnited Arab Emirates
52%
AfricaTanzania
52%
OceaniaTonga
51%
AfricaGhana
48.5%
OceaniaVanuatu
48.3%
OceaniaTuvalu
47.2%
OceaniaSolomon Islands
46.6%
OceaniaKiribati
43.7%
AfricaZambia
43.4%
North AmericaAntigua and Barbuda
41.9%
AfricaBotswana
41.3%
North AmericaGrenada
40%
EuropeCyprus
35.1%
AfricaMalawi
26.2%

You're not logged in!

Compare scores with friends on all Sporcle quizzes.
OR
Log In

You Might Also Like...

Show Comments

Extras

Top Quizzes Today


Score Distribution

Your Account Isn't Verified!

In order to create a playlist on Sporcle, you need to verify the email address you used during registration. Go to your Sporcle Settings to finish the process.

Report this User

Report this user for behavior that violates our Community Guidelines.

Details: